000 00400nam a22001217a 4500
020 _a8131800660
082 _a621.43
_bRAJ/TE
100 _aRajput,R.K.
_980
245 _aA Textbook of Internal Combustion Engines (Including Air Compressors, Gas Turbines and Jet Propulsion) - S.I. Units
260 _aNew Delhi
_bLaxmi Publications (P) Ltd
_c2012
300 _a904, Question Bank - extra
942 _cBBS
999 _c14734
_d14734